Szegedi egyetemi kutatók biztató eredményei Felfalja a házfalakra festett graffitit a mikroszemcse

Elmentve itt :
Bibliográfiai részletek
Dokumentumtípus: Cikk
Megjelent: 2005-03-04
Sorozat:Délmagyarország 95 No. 53
Kulcsszavak:Dékány Imre, Kolloidkémiai Tanszék
Online Access:http://dmarchiv.bibl.u-szeged.hu/125826
LEADER 00500nab a2200145 i 4500
001 delm125826
005 20191210144329.0
008 191210s2005 hu o 0|| hun d
040 |a SZTE Délmagyarország Archívum  |b hun 
041 |a hun 
245 0 0 |a Szegedi egyetemi kutatók biztató eredményei   |h [elektronikus dokumentum] :  |b Felfalja a házfalakra festett graffitit a mikroszemcse 
260 |c 2005-03-04 
300 |a 7 
490 0 |a Délmagyarország  |v 95 No. 53 
695 |a Dékány Imre, Kolloidkémiai Tanszék